Genesi e sviluppo delle strutture ortogonali nella Mesoamerica /
Estudio sobre el emplazamiento y orientación de las ciudades mesoamericanas en la época prehispánica, lo cual estaba íntimamente relacionado con la religión, el calendario y las estructuras sociales.
Gardado en:
| Autor Principal: | |
|---|---|
| Formato: | Libro |
| Idioma: | Lingua italiana |
| Publicado: |
Padua, Italia :
società Cooperativa Tipografica,
1974
|
| Temas: | |
| Etiquetas: |
Sen Etiquetas, Sexa o primeiro en etiquetar este rexistro!
|
MARC
| LEADER | 00000nam^a2200000^a^4500 | ||
|---|---|---|---|
| 001 | 000566777 | ||
| 005 | 20250526000000.0 | ||
| 009 | 20260310132114.089 | ||
| 037 | |a Acervo ITESO - Biblioteca | ||
| 041 | |a ITA | ||
| 091 | |a FHA. 03154 | ||
| 100 | |a Sartor, Mario |e (autor) | ||
| 245 | 1 | 0 | |a Genesi e sviluppo delle strutture ortogonali nella Mesoamerica / |c M. Sartor. |
| 264 | 1 | |a Padua, Italia : |b società Cooperativa Tipografica, |c 1974 | |
| 300 | |a p. 368-379 ; |c 24.5 cm. | ||
| 336 | |a texto |b txt |2 rdacontenido | ||
| 337 | |a sin mediación |b n |2 rdamedio | ||
| 338 | |a volumen |b nc |2 rdasoporte | ||
| 515 | |a Inventario familia Hartung: 2505 | ||
| 520 | |a Estudio sobre el emplazamiento y orientación de las ciudades mesoamericanas en la época prehispánica, lo cual estaba íntimamente relacionado con la religión, el calendario y las estructuras sociales. | ||
| 561 | |a Ex libris de Hartung Ashida [Familia] | ||
| 649 | |a XX | ||
| 650 | |a Indígenas de México - |x Historia - |y Epoca Prehispánica | ||
| 650 | |a Emplazamiento y Orientación de la Obra - |z México - |x Historia - |y Epoca Prehispánica - |x Tema Principal | ||
| 650 | |a Emplazamiento y Orientación de la Obra - |z América Central - |x Historia - |y Epoca Prehispánica - |x Tema Principal | ||
| 650 | |a Urbanismo - |z México - |x Historia - |y Epoca Prehispánica | ||
| 650 | |a Urbanismo - |z América Central - |x Historia - |y Epoca Prehispánica | ||
| 650 | |a Arquitectura - |z México - |x Historia y Crítica | ||
| 650 | |a México - |x Historia - |y Epoca Prehispánica | ||
| 650 | |a América Central - |x Historia - |y Epoca Prehispánica | ||
| 772 | 0 | # | |a Atti e memorie dell'Accademia Patavina di Scienze Lettere ed Arti, separata |
| 910 | |a Fondo Horst Hartung Franz | ||
| 920 | |a Impresos - Libros | ||
| 930 | |a Libros Antiguos y Raros | ||
| 905 | |a 135 | ||
| 901 | |a 0500332085 |b IT2 |c LRA |i D |u 20250526 | ||
| 902 | |a https://opac.biblio.iteso.mx/vufind/Record/000566777 | ||